[Event "36th Olympiad"]
[Site "Calvia ESP"]
[Date "2004.10.19"]
[Round "5"]
[White "McNab,C"]
[Black "Delchev,A"]
[Result "0-1"]
[WhiteElo "2434"]
[BlackElo "2601"]

1.Nf3 d5 2.g3 Nc6 3.Bg2 e5 4.d3 Nf6 5.c3 Be7 6.O-O O-O 7.Qc2 Bf5 8.Nbd2 e4
9.Nh4 Bg4 10.dxe4 Bxe2 11.Re1 d4 12.Qb3 Ba6 13.Nf5 dxc3 14.Nxe7+ Qxe7 15.Qxc3 Nd5
16.Qb3 Ndb4 17.Nf3 Qe6 18.Qxe6 fxe6 19.Bf4 Nc2 20.Bxc7 h6 21.Bd6 Rfd8 22.e5 Rac8
23.Bh3 Re8 24.Rac1 Nxe1 25.Nxe1 Nd4 26.Rxc8 Rxc8 27.f4 Rc1 28.Kf2 Rb1 29.Ba3 Bc4
30.Bg2 b6 31.Be4 Ra1 32.g4 Nb5 33.f5 Nxa3 34.bxa3 Rxa2+  0-1

[Event "36th Olympiad w"]
[Site "Calvia ESP"]
[Date "2004.10.19"]
[Round "5"]
[White "Evans Quek,D"]
[Black "Ambrosi,E"]
[Result "0-1"]
[WhiteElo "2013"]
[BlackElo "2099"]

1.Nf3 d5 2.g3 Nf6 3.Bg2 Bf5 4.d3 h6 5.c4 dxc4 6.Qa4+ c6 7.Qxc4 Nbd7 8.O-O e5
9.Nc3 Bd6 10.e4 Be6 11.Qa4 Nc5 12.Qc2 Bc7 13.Nb5 Bb6 14.Be3 Qxd3 15.Qxd3 Nxd3
16.Bxb6 cxb5 17.Ba5 O-O 18.b3 Nxe4 19.Nxe5 Nexf2 20.Nxd3 Nxd3 21.Bxb7 Rab8
22.Bg2 Rfc8 23.Rad1 Ne5 24.Rfe1 Nc6 25.Bd2 Bg4 26.Rc1 Nd4 27.Kf2 Rxc1 28.Rxc1 Re8
29.Be3 Nf5 30.Bxa7 Re2+ 31.Kg1 Rxa2 32.Bc5 Rd2 33.Bf1 Be2 34.Bh3 Nd4 35.Bxd4 Rxd4
36.Rc2 Bd1 37.Rb2 Rb4 38.Bf1 Bg4 39.Kf2 f5 40.h3 Bh5 41.Bd3 Bf7 42.Ke3 Rxb3
43.Rxb3 Bxb3 44.Bxb5 Kf7 45.Kd4 Kf6 46.Bc6 Bd1 47.Bd5 g5 48.Bg2 Bc2 49.Bf3 f4
50.gxf4 gxf4 51.h4 Kf5 52.Kd5 Bd3 53.Kd4 Bf1 54.Kd5 Bd3 55.Kd4 Bf1 56.Kd5 Bh3
57.Bh5 Bg2+ 58.Kd4 f3  0-1

[Event "36th Olympiad"]
[Site "Calvia ESP"]
[Date "2004.10.19"]
[Round "5"]
[White "Zagorskis,D"]
[Black "Goh Koon Jong,J"]
[Result "1/2-1/2"]
[WhiteElo "2486"]
[BlackElo "2419"]

1.Nf3 d5 2.g3 c6 3.Bg2 Nf6 4.O-O Bg4 5.d4 Nbd7 6.Nbd2 e6 7.Re1 Be7 8.e4 dxe4
9.Nxe4 Nxe4 10.Rxe4 Bf5 11.Re1 O-O 12.c3 Qb6 13.Qe2 a5 14.Be3 Qc7 15.c4 a4
16.Bf4 Bd6 17.Bxd6 Qxd6 18.c5 Qc7 19.Qe3 Qa5 20.Nd2 e5 21.dxe5 Qxc5 22.Qf4 Be6
23.Ne4 Qxe5 24.Qxe5 Nxe5 25.Nc5  1/2-1/2

[Event "Essent Open"]
[Site "Hoogeveen NED"]
[Date "2004.10.19"]
[Round "5"]
[White "De Jong,M"]
[Black "Van Weersel,A"]
[Result "1-0"]
[WhiteElo "2316"]
[BlackElo "2184"]

1.Nf3 d5 2.g3 Nf6 3.Bg2 e6 4.O-O Be7 5.d3 O-O 6.Nbd2 b6 7.e4 dxe4 8.dxe4 Bb7
9.e5 Nfd7 10.Re1 Na6 11.b3 c5 12.a4 Qc7 13.Nc4 Rad8 14.Qe2 Nb4 15.Bb2 a6
16.Rad1 Nd5 17.Nd6 Bxd6 18.exd6 Qb8 19.Ne5 N7f6 20.Ng4 Ne8 21.c4 Ndf6 22.Nxf6+ Nxf6
23.Bxf6 gxf6 24.Bxb7 Qxb7 25.Qg4+ Kh8 26.Qf4 f5 27.Qe5+ Kg8 28.Rd3 Qd7 29.Qf6 Rfe8
30.g4 fxg4 31.Re5 h6 32.Rh5  1-0

[Event "36th Olympiad"]
[Site "Calvia ESP"]
[Date "2004.10.20"]
[Round "6"]
[White "Kveinys,A"]
[Black "Vasquez,R"]
[Result "0-1"]
[WhiteElo "2531"]
[BlackElo "2546"]

1.Nf3 d5 2.g3 Bg4 3.Bg2 Nd7 4.d4 c6 5.O-O e6 6.Nbd2 Ngf6 7.Re1 Be7 8.e4 O-O
9.h3 Bh5 10.e5 Ne8 11.Nf1 Qb6 12.g4 Bg6 13.Ng3 c5 14.a4 a5 15.Bf1 Nc7 16.h4 h6
17.h5 Bh7 18.g5 hxg5 19.Nxg5 Bxg5 20.Bxg5 f6 21.exf6 gxf6 22.Bf4 cxd4 23.Bd3 Rf7
24.Bxh7+ Kxh7 25.Bxc7 Qxc7 26.Rxe6 Rg8 27.Ra3 Nc5 28.Re2 f5 29.Qxd4 f4 30.Qxd5 fxg3
31.f3 b6 32.Kg2 Qf4 33.Rae3 Rgg7 34.Re1 Rg5 35.Qxf7+ Qxf7 36.Re7 Qxe7 37.Rxe7+ Kh6
38.b3 Kxh5 39.Re8 Kh6 40.Re3 Kg6 41.Re8 Kf7  0-1

[Event "36th Olympiad"]
[Site "Calvia ESP"]
[Date "2004.10.20"]
[Round "6"]
[White "Kengis,E"]
[Black "Gyimesi,Z"]
[Result "1/2-1/2"]
[WhiteElo "2543"]
[BlackElo "2613"]

1.Nf3 d5 2.g3 Nf6 3.Bg2 c6 4.O-O Bg4 5.d4 Nbd7 6.Nbd2 e6 7.Re1 Be7 8.e4 O-O
9.c3 Bh5 10.Qb3 Qb6 11.exd5 cxd5 12.Qxb6 axb6 13.Nb3 Ne4 14.Nfd2 Nxd2 15.Bxd2 Bd6
16.Nc1 Bg6 17.Ne2 b5 18.Nf4  1/2-1/2

[Event "36th Olympiad w"]
[Site "Calvia ESP"]
[Date "2004.10.20"]
[Round "6"]
[White "Sharevich,A"]
[Black "Richards,H"]
[Result "1-0"]
[WhiteElo "2266"]
[BlackElo "2197"]

1.Nf3 d5 2.g3 c5 3.d4 cxd4 4.Nxd4 e5 5.Nb3 Nc6 6.Bg2 Be6 7.O-O f5 8.N1d2 Nf6
9.Nf3 h6 10.c3 g5 11.Ne1 Qd7 12.f4 gxf4 13.gxf4 Rg8 14.fxe5 Nxe5 15.Qd4 Bd6
16.Bf4 Qc7 17.Kh1 Ne4 18.Nd3 Ng4 19.Bxd6 Qxd6 20.Nf4 Rc8 21.Nd2 Rg5 22.Bxe4 fxe4
23.Nxe4 Qe7 24.Nxg5 hxg5 25.Nxe6 Qxe6 26.h3 Ne5 27.Qe3 Rc4 28.Qg3 Ng6 29.Rf3 Nf4
30.Qxg5 Nxh3 31.Qh5+ Ke7 32.Qxh3  1-0

[Event "36th Olympiad"]
[Site "Calvia ESP"]
[Date "2004.10.20"]
[Round "6"]
[White "Zhidkov,V"]
[Black "Ghane,S"]
[Result "0-1"]
[WhiteElo "2394"]
[BlackElo "2376"]

1.Nf3 d5 2.g3 Bg4 3.Bg2 Nd7 4.c4 e6 5.Qa4 Nf6 6.Ne5 Bh5 7.cxd5 exd5 8.g4 Bg6
9.g5 b5 10.Qxb5 Rb8 11.Qa4 Rb4 12.Qxa7 Bc5 13.Qa5 Nxe5 14.gxf6 O-O 15.d4 Rxd4
16.Qxc5 Rc4 17.Qe3 Ng4 18.Qd2 Rc2 19.Qf4 Rc4 20.Qd2 Qxf6 21.Bf3 Ne5 22.Bxd5 Rd8
23.Nc3 c6 24.Qg5 cxd5 25.Qxf6 gxf6 26.f4 Nc6 27.O-O d4 28.f5 Bh5 29.Rf4 Ne5
30.Ne4 Bxe2 31.Rf2 d3 32.Ng3 Rc2 33.Ne4 Rd4 34.Nd2 Rg4+ 35.Rg2  0-1

[Event "Essent Open"]
[Site "Hoogeveen NED"]
[Date "2004.10.21"]
[Round "7"]
[White "De Jong,M"]
[Black "Van Beek,A"]
[Result "1/2-1/2"]
[WhiteElo "2316"]
[BlackElo "2255"]

1.Nf3 d5 2.g3 c6 3.Bg2 Nf6 4.O-O Bg4 5.d3 Nbd7 6.Nbd2 e5 7.e4 dxe4 8.dxe4 Bc5
9.h3 Bh5 10.Qe1 O-O 11.Nb3 Bb6 12.a4 a5 13.Bd2 Bxf3 14.Bxf3 Nc5 15.Nxc5 Bxc5
16.Qe2 Qb6 17.Rab1 Rfd8  1/2-1/2

[Event "36th Olympiad"]
[Site "Calvia ESP"]
[Date "2004.10.22"]
[Round "7"]
[White "Kato,T"]
[Black "Pohlers,J"]
[Result "0-1"]
[WhiteElo "2045"]
[BlackElo "2148"]

1.Nf3 d5 2.g3 Nf6 3.Bg2 c5 4.O-O Nc6 5.d4 e6 6.c4 dxc4 7.Ne5 Bd7 8.Na3 cxd4
9.Naxc4 Rc8 10.Bf4 Nd5 11.Bxd5 exd5 12.Nxd7 dxc4 13.Nxf8 Kxf8 14.Qa4 g5 15.Bd2 Qd5
16.f4 g4 17.f5 h5 18.Rac1 b5 19.Qa6 Kg7 20.a4 Rb8 21.axb5 Rxb5 22.e4 dxe3
23.Bxe3 Rxb2 24.Rf2 Rxf2 25.Bxf2 Ne5 26.Qa1 Kh7 27.Qxa7 Nf3+ 28.Kf1 Nxh2+
29.Kg1 Nf3+ 30.Kf1 Qxf5 31.Qb7 Nd2+ 32.Kg1 Nf3+ 33.Kf1 Rd8 34.Qb6 Rd2 35.Qe3 Qd3+
36.Qxd3+ cxd3 37.Rc5 Kg6 38.Rd5 Rd1+ 39.Kg2  0-1

[Event "Essent Open"]
[Site "Hoogeveen NED"]
[Date "2004.10.22"]
[Round "8"]
[White "Groenewold,J"]
[Black "Hemminga,F"]
[Result "1-0"]
[WhiteElo "2159"]
[BlackElo "2089"]

1.Nf3 d5 2.g3 Nf6 3.Bg2 Bf5 4.O-O e6 5.d3 Bd6 6.Nbd2 e5 7.Re1 Qd7 8.e4 dxe4
9.dxe4 Bh3 10.Nc4 Bxg2 11.Kxg2 O-O 12.Ncxe5 Bxe5 13.Nxe5 Qxd1 14.Rxd1 Nxe4
15.Be3 a6 16.Rd4 Nd6 17.Bf4 f6 18.Nf3 Nb5 19.Rd2 g5 20.a4 gxf4 21.axb5 fxg3
22.hxg3 c6 23.b6 a5 24.b4 a4 25.c4 a3 26.Rd3 Ra4 27.Rb3 a2 28.Rb2 Na6 29.Raxa2 Rxa2
30.Rxa2 Nxb4 31.Ra7 Rf7 32.Nd4 c5 33.Ne6 Nc6 34.Ra8+  1-0

[Event "Essent Open"]
[Site "Hoogeveen NED"]
[Date "2004.10.22"]
[Round "8"]
[White "Grimm,Sa"]
[Black "Delemarre,J"]
[Result "1-0"]
[WhiteElo "2342"]
[BlackElo "2449"]

1.Nf3 d5 2.g3 Bg4 3.Bg2 Nd7 4.c4 e6 5.cxd5 exd5 6.Nc3 c6 7.d3 Ngf6 8.O-O Be7
9.h3 Bxf3 10.Bxf3 O-O 11.Qc2 Nc5 12.Bg2 Re8 13.b4 Ne6 14.Rb1 a5 15.b5 Bb4
16.e3 Rc8 17.a3 Bf8 18.bxc6 bxc6 19.Na4 c5 20.Bd2 Rc6 21.Rb5 Qc8 22.Rfb1 c4
23.Nb6 Rxb6 24.Rxb6 Bxa3 25.dxc4 d4 26.exd4 Nxd4 27.Qd3 Bc5 28.Rb8 Qxb8 29.Rxb8 Rxb8
30.Be3 Rd8 31.Bxd4 Rxd4 32.Qf5 Rxc4 33.Qc8+  1-0

[Event "36th Olympiad w"]
[Site "Calvia ESP"]
[Date "2004.10.23"]
[Round "8"]
[White "Eidelson,R"]
[Black "Marrero,Y"]
[Result "0-1"]
[WhiteElo "2268"]
[BlackElo "2272"]

1.Nf3 d5 2.g3 c6 3.Bg2 Bg4 4.d3 Nd7 5.O-O e6 6.Nbd2 Bd6 7.e4 Ne7 8.Qe1 O-O
9.h3 Bh5 10.e5 Bc7 11.b3 c5 12.Bb2 Nc6 13.g4 Bg6 14.Qe2 Qb8 15.Rfe1 Nb4 16.Nf1 d4
17.Bc1 Nc6 18.Bf4 f6 19.Bg3 fxe5 20.N1d2 Nb4 21.Nc4 e4 22.Bxc7 Qxc7 23.Ng5 exd3
24.cxd3 Rae8 25.Rad1 Nd5 26.Nxe6 Nf4 27.Nxc7 Rxe2 28.Rxe2 Nxe2+ 29.Kf1 Nf4
30.Bd5+ Kh8 31.Be4 Nxh3 32.Rd2 Nf4 33.Bxg6 Nxg6 34.Re2 h6 35.a4 Kh7 36.Nd5 Nf6
37.Nxf6+ Rxf6 38.Nd2 Nf4 39.Re7 Rb6 40.a5 Rb5 41.Ne4 Rxb3 42.Kg1 Nxd3 43.Nf6+ Kg6
44.Nh5 Kg5 45.Rxg7+ Kh4 46.Ng3 Kh3 47.Nf1 Ne5 48.Re7 Nf3+  0-1

[Event "36th Olympiad"]
[Site "Calvia ESP"]
[Date "2004.10.23"]
[Round "8"]
[White "D'Amore,C"]
[Black "Berg,E"]
[Result "1/2-1/2"]
[WhiteElo "2448"]
[BlackElo "2529"]

1.Nf3 d5 2.g3 c5 3.Bg2 Nc6 4.O-O e6 5.c4 d4 6.e3 g6 7.exd4 cxd4 8.d3 Bg7
9.Nbd2 Nge7 10.a3 a5 11.b3 O-O 12.Rb1 Rb8 13.b4 axb4 14.axb4 b5 15.cxb5 Rxb5
16.Qa4 Qb6 17.Nc4 Qb8 18.Bd2 Bd7 19.Na3 Rb6 20.b5 Na7 21.Nxd4 e5 22.Bb4 exd4
23.Bxe7 Rc8 24.Nc4 Rxb5 25.Ra1 Nc6 26.Bd6 Qb7 27.Bf4 Rb4 28.Qa3 Bf8 29.Bd6 Rb3
30.Qa2 Qb5 31.Rfb1 Rxb1+ 32.Rxb1 Qf5 33.Nb6 Re8 34.Nxd7 Qxd7 35.Bxf8 Rxf8
36.Qa4 Rc8 37.h3 Ne5 38.Qxd7 Nxd7 39.Rb4 Rc1+ 40.Kh2 Ne5 41.Rxd4 Rd1 42.Rd5 f6
43.Be4 Rd2 44.Kg2 Kf7 45.d4 Nd3 46.Bxd3 Rxd3 47.Rd7+ Ke6 48.Rxh7 Rxd4 49.h4 f5
50.h5 gxh5 51.Rxh5 Kf6 52.Rh6+ Kg5 53.Rb6 Rd2 54.Kf3 Rd3+ 55.Ke2 Ra3 56.f4+ Kh5
57.Kf2 Rxg3  1/2-1/2

[Event "36th Olympiad"]
[Site "Calvia ESP"]
[Date "2004.10.23"]
[Round "8"]
[White "Seeman,T"]
[Black "Timoscenko,G"]
[Result "1/2-1/2"]
[WhiteElo "2421"]
[BlackElo "2504"]

1.Nf3 d5 2.g3 b6 3.Bg2 Bb7 4.O-O e6 5.d3 Nf6 6.Nbd2 Nbd7 7.e4 dxe4 8.Ng5 Nc5
9.Ndxe4 Ncxe4 10.Nxe4 Nxe4 11.Bxe4 Bxe4  1/2-1/2

[Event "36th Olympiad"]
[Site "Calvia ESP"]
[Date "2004.10.24"]
[Round "9"]
[White "D'Amore,C"]
[Black "Abdulla,AlR"]
[Result "1/2-1/2"]
[WhiteElo "2448"]
[BlackElo "2474"]

1.Nf3 d5 2.g3 c6 3.Bg2 Bg4 4.d3 Nd7 5.Nbd2 Ngf6 6.e4 dxe4 7.dxe4 e5 8.h3 Bh5
9.O-O Be7 10.c3 O-O 11.Qc2 Qc7 12.Re1 Rfd8 13.a4 a5 14.Nh4 Ne8 15.Nf5 Bf8
16.Bf1 Nc5 17.Nc4 Ne6 18.Be2 Bg6 19.Nh4 Nf6 20.Nxg6 hxg6 21.Kg2 Rd7 22.Bg4 Nxg4
23.hxg4 Rad8 24.Be3 Bc5 25.Rad1 b5 26.Rxd7 Rxd7 27.Bxc5 bxc4 28.Be3 Qb7 29.Rd1 Rxd1
30.Qxd1 Qxb2 31.Qd7 Qxc3 32.Qe8+ Kh7 33.Qxf7 Nd4 34.Qe7 Qd3 35.Qh4+ Kg8 36.Qd8+ Kh7
37.Qh4+ Kg8 38.Qd8+  1/2-1/2

[Event "36th Olympiad w"]
[Site "Calvia ESP"]
[Date "2004.10.25"]
[Round "10"]
[White "Hernandez,Ya"]
[Black "Sekulovska,V"]
[Result "1-0"]
[WhiteElo "2248"]
[BlackElo "2164"]

1.Nf3 d5 2.g3 Nf6 3.c4 e6 4.Bg2 Be7 5.O-O O-O 6.b3 c5 7.Bb2 b6 8.Ne5 Bb7
9.d3 Nbd7 10.Nd2 Nxe5 11.Bxe5 Nd7 12.Bb2 Bf6 13.Rb1 Bxb2 14.Rxb2 Nf6 15.b4 cxb4
16.Rxb4 Qe7 17.Qb1 Rac8 18.a4 Rc7 19.Qb2 h6 20.Rb1 dxc4 21.Rxc4 Bxg2 22.Kxg2 Rxc4
23.Nxc4 Qc5 24.Qb5 Qd4 25.a5 Nd5 26.Qb2 Qxb2 27.Rxb2 bxa5 28.Nxa5 Rc8 29.Nc4 Kf8
30.e4 Nc3 31.Kf3 Rd8 32.Ne5 f6 33.Rb3 Na4 34.Ng6+ Kf7 35.Nf4 Rd7 36.d4 Nb6
37.Ne2 Nc4 38.Rb4 Rc7 39.h4 Nb6 40.Ke3 f5 41.f3 g5 42.h5 Kf6 43.Kd3 Rd7 44.Rb5 fxe4+
45.fxe4 Rf7 46.Ra5 Kg7 47.d5 Rd7 48.Kd4 exd5 49.exd5 Kf6 50.g4 Ke7 51.Ng3 Rc7
52.Nf5+ Kd7 53.Nxh6 Nc4 54.Ra6 Nb6 55.Ke5 Rc5 56.Rxa7+ Kd8 57.Nf7+ Ke8 58.Nxg5 Rxd5+
59.Kf6 Nd7+ 60.Rxd7 Rxd7 61.h6 Kf8 62.h7 Rd6+ 63.Ne6+ Rxe6+ 64.Kxe6 Kg7 65.h8=Q+ Kxh8
66.Kf6  1-0

[Event "36th Olympiad"]
[Site "Calvia ESP"]
[Date "2004.10.25"]
[Round "10"]
[White "Lim Yee Weng"]
[Black "Chong Chor Yuen"]
[Result "1-0"]
[WhiteElo "2346"]
[BlackElo "2146"]

1.Nf3 d5 2.g3 Nf6 3.Bg2 c6 4.O-O Bf5 5.d3 e6 6.Nbd2 h6 7.Re1 Bc5 8.e3 O-O
9.b3 Bh7 10.Bb2 a5 11.a4 Na6 12.Ne5 Bd6 13.f4 Nd7 14.Nxd7 Qxd7 15.Kh1 Nc7
16.e4 f6 17.e5 fxe5 18.Bxe5 Bxe5 19.Rxe5 Rae8 20.Qe2 b6 21.Nf3 d4 22.Re1 c5
23.Nh4 Bf5 24.Bf3 Rf6 25.Kg1 Kh8 26.Be4 g6 27.Bg2 Ref8 28.g4 g5 29.fxg5 hxg5
30.gxf5 gxh4 31.fxe6 Qg7 32.e7 Re8 33.Kh1 Kg8 34.Bh3 Rd6 35.Qe4 Kh8 36.Rh5+ Kg8
37.Rg1 Rg6 38.Rxg6  1-0

[Event "36th Olympiad"]
[Site "Calvia ESP"]
[Date "2004.10.25"]
[Round "10"]
[White "Dominguez,JM"]
[Black "Mieles Palau,D"]
[Result "1/2-1/2"]
[WhiteElo "2353"]
[BlackElo "2486"]

1.Nf3 d5 2.g3 c5 3.Bg2 Nc6 4.O-O Nf6 5.d3 g6 6.Nbd2 Bg7 7.e4 O-O 8.Re1 Rb8
9.c3 e5 10.Qc2 h6 11.a3 a5 12.a4 Re8 13.h3 b6 14.Nh2 Be6 15.Nhf1 d4 16.g4 Qd7
17.Ng3 h5 18.f3 h4 19.Ngf1 Red8 20.c4 Nb4 21.Qb1 Bh6  1/2-1/2

[Event "36th Olympiad"]
[Site "Calvia ESP"]
[Date "2004.10.26"]
[Round "11"]
[White "Seeman,T"]
[Black "Sermek,D"]
[Result "0-1"]
[WhiteElo "2421"]
[BlackElo "2547"]

1.g3 d5 2.Nf3 g6 3.Bg2 Bg7 4.O-O Nf6 5.d3 O-O 6.Nbd2 d4 7.Nc4 c5 8.Bd2 Nd5
9.Qc1 Nc6 10.Bh6 f6 11.Bxg7 Kxg7 12.e4 dxe3 13.Nxe3 Nc7 14.c3 e5 15.Qc2 Be6
16.a3 a5 17.a4 Rb8 18.Nd2 Qd7 19.Ndc4 b6 20.f4 exf4 21.gxf4 Ne7 22.Rae1 Nf5
23.Nxf5+ Bxf5 24.Be4 Be6 25.Re3 Bxc4 26.dxc4 f5 27.Bg2 Rbe8 28.Rd3 Qe6 29.Bd5 Qf6
30.Qf2 Re7 31.Re1 Rfe8 32.Rde3 Qd6 33.Rxe7+ Rxe7 34.Rxe7+ Qxe7 35.h3 Ne8
36.Kg2 Kh6 37.Bf3 Ng7 38.Qe2 Qd6 39.Qe3 Ne6 40.h4 Nxf4+ 41.Kg3 g5 42.hxg5+ Kxg5
43.Bd5 h5 44.Kf3 Qc7 45.Qg1+ Kf6 46.Qg8 Ng6 47.Qe6+ Kg5 48.Qg8 Kh6 49.Qe6 Kg5
50.Qg8 h4 51.Kg2 Qg3+ 52.Kf1 Kf4 53.Ke2 Ne5 54.Qh8 Qh2+  0-1

[Event "36th Olympiad"]
[Site "Calvia ESP"]
[Date "2004.10.27"]
[Round "12"]
[White "Braga,C"]
[Black "Karkanaqe,I"]
[Result "1/2-1/2"]
[WhiteElo "2441"]
[BlackElo "2382"]

1.g3 d5 2.Nf3 Nf6 3.Bg2 c6 4.O-O Bg4 5.d4 Nbd7 6.Nbd2 e6 7.Re1 Be7 8.e4 dxe4
9.Nxe4 O-O 10.c3 a5 11.Nxf6+ Bxf6 12.Qb3 Qb6 13.Bf4 a4 14.Qxb6 Nxb6 15.Bd6 Rfc8
16.Nd2 Bf5 17.Bf1 Nd7 18.Ne4 Bxe4 19.Rxe4 b5 20.Rae1 Nb6  1/2-1/2

[Event "36th Olympiad"]
[Site "Calvia ESP"]
[Date "2004.10.27"]
[Round "12"]
[White "Bauza,A"]
[Black "Castellanos,R"]
[Result "0-1"]
[WhiteElo "2235"]
[BlackElo "2449"]

1.Nf3 d5 2.g3 Bg4 3.Bg2 Nd7 4.c4 e6 5.cxd5 exd5 6.O-O Ngf6 7.d4 Bd6 8.Nc3 c6
9.Bf4 Qb8 10.Qd2 O-O 11.Ne1 Bf5 12.Rd1 Re8 13.Bxd6 Qxd6 14.Qf4 Qe6 15.Nd3 Rac8
16.Rfe1 Ne4 17.Na4 b6 18.f3 Nd6 19.Nc3 Qe3+ 20.Qxe3 Rxe3 21.Kf2 Rce8  0-1

[Event "36th Olympiad"]
[Site "Calvia ESP"]
[Date "2004.10.27"]
[Round "12"]
[White "Kozul,Z"]
[Black "Haznedaroglu,K"]
[Result "1-0"]
[WhiteElo "2640"]
[BlackElo "2394"]

1.Nf3 d5 2.g3 c6 3.Bg2 Nf6 4.O-O Bg4 5.d3 e6 6.Nbd2 Nbd7 7.Qe1 Be7 8.e4 O-O
9.h3 Bh5 10.Nh2 dxe4 11.dxe4 e5 12.Nc4 Qc7 13.f4 b5 14.Ne3 exf4 15.gxf4 Ne8
16.Nf5 Bc5+ 17.Kh1 Bg6 18.Nh4 f6 19.Nxg6 hxg6 20.Qg3 Kh7 21.Qh4+ Kg8 22.Qg4 Kh7
23.Nf3 Rh8 24.Nh4 Nf8 25.Nxg6 Nxg6 26.Qh5+ Kg8 27.Qxg6 Qd7 28.Qg3 Nd6 29.e5 Nf5
30.Qb3+ Kf8 31.Qc3 Bb6 32.Kh2 Rc8 33.Bd2 Bd4 34.Qd3 fxe5 35.Be4 g6 36.Rf3 Rd8
37.Ba5 Bb6 38.Qxd7 Rxd7 39.Bxb6 axb6 40.Raf1 Rd2+ 41.R3f2 Ne3 42.fxe5+ Ke7
43.Kg3 Nxf1+ 44.Rxf1 Rh5 45.h4 g5 46.hxg5 Rxg5+ 47.Kf4 Rg7 48.Ke3 Rh2 49.Rf6 Rh5
50.Rxc6 Rxe5 51.Kd4 Re6 52.Rc7+ Kf6 53.Rxg7 Kxg7 54.Bd3 b4 55.Kc4 Re5 56.Kxb4 Kf6
57.a4 Ke7 58.Bb5 Kd6 59.a5 bxa5+ 60.Kxa5 Kc7 61.c4 Kb7 62.b4 Re1 63.Ba4 Re5+
64.c5 Rh5 65.Bc2 Re5 66.Kb5 Kc7 67.Kc4 Rh5 68.Be4 Rh4 69.Kd4 Rh3 70.b5 Rb3
71.Kc4 Rb2 72.Bd3 Kb7 73.Kc3 Rh2 74.Be4+ Ka7 75.Kd4 Rb2 76.Kc4 Rd2 77.b6+ Ka6
78.Bd3 Rh2 79.Kb4+ Kb7 80.Bc4 Rb2+ 81.Bb3 Rb1 82.Kc4 Rc1+ 83.Kb5 Rb1 84.c6+ Kb8
85.Kb4 Kc8 86.Kc3 Re1 87.Kd4 Re7 88.Kc5 Re3 89.Bc4 Rc3 90.Kd4 Rc1 91.Be6+ Kb8
92.Bd7 Rd1+ 93.Ke5 Re1+ 94.Kd6 Rd1+ 95.Ke7 Re1+ 96.Kd8 Rc1 97.Ke7 Re1+ 98.Be6 Rc1
99.Kd6 Rd1+ 100.Bd5 Rd2 101.c7+  1-0

[Event "36th Olympiad"]
[Site "Calvia ESP"]
[Date "2004.10.27"]
[Round "12"]
[White "Ilinsky,V"]
[Black "Prasca,R"]
[Result "1-0"]
[WhiteElo "2331"]
[BlackElo "2396"]

1.Nf3 d5 2.g3 c6 3.Bg2 Bf5 4.O-O h6 5.d3 Nf6 6.Nbd2 e6 7.b3 Be7 8.Bb2 O-O
9.c4 a5 10.a3 Bh7 11.Rc1 Nfd7 12.cxd5 exd5 13.Rc2 Na6 14.Qa1 Bf6 15.Bxf6 Nxf6
16.Rcc1 Re8 17.Rfe1 Qd7 18.Qc3 Nc7 19.Nd4 Qd6 20.b4 axb4 21.axb4 Ra4 22.Rb1 Ne6
23.N2f3 Nxd4 24.Qxd4 Qb8 25.Ra1 Rxa1 26.Qxa1 Qc7 27.Qb2 Qb6 28.Rb1 Bf5 29.h3 Bd7
30.Nd4 Ra8 31.e3 Ra4 32.Qc3 Qa7 33.Qc5 Ra1  1-0

[Event "36th Olympiad w"]
[Site "Calvia ESP"]
[Date "2004.10.28"]
[Round "13"]
[White "Foisor,C"]
[Black "Garcia Vicente,N"]
[Result "1-0"]
[WhiteElo "2436"]
[BlackElo "2213"]

1.Nf3 d5 2.g3 e6 3.Bg2 Nf6 4.O-O Be7 5.d4 O-O 6.c4 dxc4 7.Ne5 Nc6 8.Nxc6 bxc6
9.e3 Nd5 10.Qa4 Nb6 11.Qc2 Rb8 12.Rd1 Qd6 13.Nd2 Ba6 14.Ne4 Qb4 15.h4 Qb5
16.Nc3 Qh5 17.Bxc6 Nd5 18.Qe2 Qxe2 19.Nxe2 f5 20.Nc3 Nxc3 21.bxc3 Rb6 22.Bg2 Bb7
23.Bxb7 Rxb7 24.e4 fxe4 25.Re1 Rf3 26.Rxe4 Rxc3 27.Rxe6 Bf6 28.Be3 c5 29.Rd1 cxd4
30.Bxd4 Rd7 31.Re4 Rd3 32.Rc1 R3xd4 33.Rxc4 Rxe4 34.Rxe4 Rd2 35.a3 Rd4 36.Re3 Ra4
37.Kg2 Bb2 38.f4 Rxa3 39.Re8+ Kf7 40.Rb8 Bf6 41.Rb7+ Be7 42.g4 g6 43.g5 a5
44.h5 Rd3 45.Ra7 Rd5 46.h6 Ke6 47.Kf3 Rb5 48.Kg4 Rd5 49.Kf3 Rf5 50.Kg4 Bd6
51.Rxh7 Rxf4+ 52.Kh3 Rf7 53.Rh8 Bf8 54.Kg4 Ke7 55.Rg8 a4 56.Rxg6 Ke8 57.Ra6 Rh7
58.Kh5 Bxh6 59.gxh6 Kf7 60.Rxa4 Rh8 61.Rf4+ Kg8 62.Rb4 Kf7 63.Rb7+ Kf6 64.h7 Rc8
65.Kh6  1-0

[Event "36th Olympiad"]
[Site "Calvia ESP"]
[Date "2004.10.28"]
[Round "13"]
[White "Cvitan,O"]
[Black "Volkmann,F"]
[Result "1-0"]
[WhiteElo "2532"]
[BlackElo "2454"]

1.Nf3 d5 2.g3 Bg4 3.Bg2 Nd7 4.O-O Ngf6 5.d3 e5 6.c4 dxc4 7.dxc4 c6 8.Qc2 Bc5
9.Nc3 O-O 10.h3 Bh5 11.Nh4 Qe7 12.Na4 Bb4 13.a3 Ba5 14.Be3 Rfe8 15.Rfd1 Qe6
16.g4 Bg6 17.Nxg6 hxg6 18.b4 Bd8 19.Rd2 Be7 20.Rad1 Nb6 21.Bxb6 axb6 22.Nxb6 Rxa3
23.Qb2 Ra7 24.c5 e4 25.e3 Nh7 26.Qd4 Bf6 27.Qd7 Nf8 28.Qxe6 Rxe6 29.Bf1 Re8
30.Bc4 Ra1 31.Rxa1 Bxa1 32.Rc2 Ne6 33.Bxe6 Rxe6 34.Ra2 Bc3 35.Ra8+ Kh7 36.Nd7 Re7
37.Rd8 g5 38.Nb6 Bxb4 39.Na4 Kg6 40.Rd6+ f6 41.Rd4 Ba3 42.Rc4 Re5 43.Kf1 Kf7
44.Ke2 Ke6 45.Kd2 Kd5 46.Nb6+ Ke6 47.Na4 Kd5 48.Kc3 b5 49.cxb6 c5 50.Kb3 Bb4
51.b7 Re8 52.Nb6+ Kc6 53.Rxe4 Rb8 54.Re6+ Kxb7 55.Kc4 Rh8 56.Kb5 f5 57.Re7+ Kb8
58.Ka6  1-0

[Event "36th Olympiad w"]
[Site "Calvia ESP"]
[Date "2004.10.29"]
[Round "14"]
[White "Harika,D"]
[Black "Richards,H"]
[Result "1/2-1/2"]
[WhiteElo "2391"]
[BlackElo "2197"]

1.Nf3 d5 2.g3 c5 3.Bg2 Nc6 4.d4 e6 5.O-O Nf6 6.c4 Be7 7.cxd5 exd5 8.Nc3 O-O
9.Bg5 cxd4 10.Nxd4 h6 11.Be3 Re8 12.Rc1 Bf8 13.Na4 Bd7 14.Nc5 Nxd4 15.Bxd4 Bc6
16.Rc2 Ne4 17.Nd3 Rc8 18.Nf4 Bd6 19.Nd3 a6 20.b3 Qg5 21.Ne1 Bb4 22.Nf3 Qf5
23.Nh4 Qe6 24.Bxg7 Nd2 25.Bb2 Qxe2 26.Nf5 Bb5 27.Rxc8 Rxc8 28.Qxe2 Bxe2 29.Rc1 Rxc1+
30.Bxc1 Bd3 31.Nxh6+ Kg7 32.Ng4 d4 33.Ne5 Bb1 34.Bb2 f6 35.Nf3  1/2-1/2

[Event "WYb12"]
[Site "Heraklio GRE"]
[Date "2004.11.05"]
[Round "2"]
[White "Ding,L"]
[Black "Anakidze,G"]
[Result "1-0"]
[WhiteElo "2231"]
[BlackElo "1901"]

1.Nf3 d5 2.g3 c6 3.Bg2 Bg4 4.O-O Nd7 5.d3 e6 6.Nbd2 Bd6 7.e4 Ne7 8.h3 Bh5
9.Re1 O-O 10.g4 Bg6 11.e5 Bc7 12.Nf1 c5 13.Bg5 Qe8 14.Bh4 Nc6 15.Bg3 Qb8
16.Qe2 Re8 17.h4 h5 18.Bh3 d4 19.N1h2 a5 20.Kg2 b5 21.gxh5 Bxh5 22.Bg4 Bg6
23.h5 Bf5 24.Bh3 Qb7 25.Bxf5 exf5 26.Qd2 Ncxe5 27.Qg5 Nxf3 28.Nxf3 Bxg3 29.Kxg3 Qd5
30.Nh4 Qd6+ 31.f4 Qf6 32.Nxf5 Qxg5+ 33.fxg5 f6 34.g6 Re5 35.Rxe5 Nxe5 36.Kf4 Re8
37.Rg1 c4 38.Rg3 cxd3 39.cxd3 Nc6 40.h6 Ne7 41.Nxg7 Nd5+ 42.Kg4 Ne3+ 43.Kf3 Re7
44.Nh5  1-0

[Event "WYb16"]
[Site "Heraklio GRE"]
[Date "2004.11.06"]
[Round "4"]
[White "Lenic,L"]
[Black "Braun,A"]
[Result "0-1"]
[WhiteElo "2434"]
[BlackElo "2480"]

1.Nf3 d5 2.g3 Nf6 3.Bg2 e6 4.d4 Be7 5.c4 O-O 6.Qc2 c6 7.Nbd2 Nbd7 8.O-O b6
9.b3 Bb7 10.Bb2 Rc8 11.e4 Rc7 12.Rfd1 Qb8 13.e5 Ne8 14.Rac1 c5 15.dxc5 Nxc5
16.Qb1 dxc4 17.Rxc4 Rd7 18.Ba3 Qd8 19.Rcc1 Nc7 20.Nc4 Be4 21.Qa1 Nb5 22.Bxc5 Bxc5
23.Rxd7 Qxd7 24.a4 Qd3 25.axb5 Bxf3 26.Bxf3 Qxf3 27.Qb2 Rd8 28.Nd6 h5 29.Qd2 Qxb3
30.Qg5 Rf8 31.Ne4 Qf3 32.Nxc5 bxc5 33.Rxc5 Rb8 34.Qe3 Qd1+ 35.Kg2 h4 36.Qe4 h3+
37.Kxh3 Qf1+ 38.Qg2 Qe2 39.f3 Qe3 40.Qc2 Qxf3 41.Qc4 g5 42.Qc1 Qf5+ 43.Kg2 Kg7
44.Qe3 Rh8 45.Qe2 Rd8 46.Rc3 Rd5 47.Re3 Rc5 48.Qf3 Qxf3+ 49.Kxf3 Rxb5 50.Ra3 a5
51.Ke4 Rb4+ 52.Kd3 Rb5 53.Ke4 Kg6 54.g4 Rb4+ 55.Kf3 a4 56.Ra2 Kg7 57.Ra1 Kf8
58.h3 Rb3+ 59.Ke4 a3  0-1

[Event "WYg16"]
[Site "Heraklio GRE"]
[Date "2004.11.06"]
[Round "4"]
[White "Karibaeva,E"]
[Black "Khotenashvili,B"]
[Result "0-1"]
[WhiteElo "2230"]
[BlackElo "2248"]

1.Nf3 d5 2.g3 g6 3.Bg2 Bg7 4.d3 e5 5.Nbd2 Ne7 6.e4 O-O 7.O-O Nbc6 8.Qe2 Bg4
9.c3 Qd7 10.Re1 a5 11.a4 Rad8 12.Qf1 d4 13.c4 Nb4 14.Rd1 f5 15.h3 Bh5 16.Qe2 Nec6
17.b3 Rf7 18.Kh2 Rdf8 19.Rg1 Bh6 20.exf5 gxf5 21.Qf1 e4 22.Ne1 e3 23.Ndf3 f4
24.g4 Bg6 25.h4 Qe7 26.Bh3 e2 27.Qg2 Nxd3 28.Nxd3 Bxd3 29.Ba3 Nb4 30.g5 Bg7
31.h5 Be4 32.Qg4 d3 33.g6 hxg6 34.hxg6 Rf5 35.Rae1 Qc5 36.Rg2 Re8 37.Bc1 Nc2
38.Reg1 Bxf3 39.Qxf3 e1=Q 40.Bxf5 Qxf5 41.Rg5 Qxg1+ 42.Rxg1 Nd4  0-1

[Event "TCh-SWE Elitserien 2004-5"]
[Site "Skara SWE"]
[Date "2004.11.06"]
[Round "2"]
[White "Ekelund,P"]
[Black "Haggstrom,O"]
[Result "1/2-1/2"]
[WhiteElo "2300"]
[BlackElo "2215"]

1.Nf3 d5 2.g3 Nf6 3.Bg2 c6 4.d3 Nbd7 5.Nbd2 e5 6.e4 dxe4 7.dxe4 Bc5 8.O-O O-O
9.c3 a5 10.a4 Qc7 11.Qe2 Re8 12.h3 b6 13.Kh2 Ba6 14.c4 Bf8 15.b3 Nc5 16.Bb2 Nfd7
17.Ne1 Ne6 18.Nd3 Bd6 19.Rae1 Ndc5 20.Nxc5 Bxc5 21.Nf3 f6 22.Nh4 Rad8 23.Rd1 Bc8
24.Nf5 g6 25.Nh6+ Kg7 26.Ng4 Nd4 27.Bxd4 Bxd4 28.f4 h5 29.Ne3 h4 30.f5 hxg3+
31.Kh1 g5 32.Ng4 Rh8 33.Rf3 Bc5 34.Rxg3 Rxd1+ 35.Qxd1 Rd8 36.Rd3 Rxd3 37.Qxd3 Qd7
38.Bf1 Qxd3 39.Bxd3 Bd7 40.Kg2 Be8 41.Kf3 Bh5 42.Ke2 Bxg4+ 43.hxg4 Bd4  1/2-1/2